000 00439nam a2200181Ia 4500
001 23764
005 20260414150959.0
008 260414t1961||||xx |||||||||||||| ||spa||
041 _aESP
082 _a709
_bC32
100 _aCassou, Jean,
_eAUT
245 0 _aPanorama de las artes plásticas contemporáneas
_b
260 _c1961
300 _a812 páginas :
_c22 cm.
650 _aABD
654 _aCAU
942 _cLIB
_dJUS
_fJUS
_2ddc
_n
999 _c23764
_d23764